| 000 | 01007nam a22002537a 4500 | ||
|---|---|---|---|
| 999 |
_c8396 _d8396 |
||
| 003 | AR-CdUCM | ||
| 008 | 190325b ||||| |||| 00| 0 eng d | ||
| 020 | _a978-9972-2912-8-9 | ||
| 040 |
_aMUNICIPALIDAD PROVINCIAL DEL CUSCO _cBIBLIOTECA MUNICIPAL DEL CUSCO |
||
| 082 |
_a333.952816 / _bB25 |
||
| 100 |
_aBarthem, Ronaldo _923566 |
||
| 245 |
_aUn ecosistema inesperado : _bla Amazonía revelada por la pesca / |
||
| 260 |
_aLima : _bAsociación para la Conservación de la Cuenca Amazónica, _c2007. |
||
| 300 |
_a243 páginas ; _bfotografías, mapas, _c27 cm. |
||
| 650 |
_aComunidades bióticas _923567 |
||
| 650 |
_aConservación de la Amazonía _923568 |
||
| 650 |
_aConservación de los recursos naturales _922198 |
||
| 650 |
_aPeces de agua dulce _921781 |
||
| 700 |
_aGoulding, Michael _922197 |
||
| 710 |
_aAsociación para la Conservación de la Cuenca Amazónica (Lima) _923569 |
||
| 710 |
_aAmazon Conservation Association (Washington, D.C.) _923570 |
||
| 942 |
_2ddc _cLIBROS |
||
| 945 | _araen | ||